[Event "EYCC Open-U12 2019"]
[Site "Bratislava"]
[Date "2019.08.10"]
[Round "9.16"]
[White "Cnejev, Vladimir-Alexandru"]
[Black "Kanov, Nikola"]
[Result "1-0"]
[WhiteElo "1907"]
[BlackElo "1908"]
[Annotator "NA RC"]
[PlyCount "103"]
[EventDate "2019.08.02"]
[EventType "swiss"]
[EventCountry "SVK"]
[SourceTitle "playchess.com"]
[Source "ChessBase"]
[SourceQuality "1"]
[TimeControl "40/5400+30:1800+30"]

1. e4 {[%emt 0:01:58]} e5 {[%emt 0:00:00]} 2. Nf3 {[%emt 0:00:07]} Nc6 {[%emt 0:00:00]} 3. Bb5 {[%emt 0:00:12]} a6 {[%emt 0:00:00]} 4. Ba4 {[%emt 0:00:13]} Nge7 {[%emt 0:00:00]} 5. Nc3 {[%emt 0:00:22]} g6 {[%emt 0:00:54]} 6. d4 {[%emt 0:01:54]} exd4 {[%emt 0:02:37]} 7. Nd5 {[%emt 0:01:37]} Bg7 {[%emt 0:00:11]} 8. Bg5 {[%emt 0:00:06]} f6 {[%emt 0:01:05]} 9. Bxf6 {[%emt 0:15:36]} Bxf6 {[%emt 0:03:01]} 10. Nxf6+ {[%emt 0:02:12]} Kf7 {[%emt 0:00:52]} 11. Nd5 {[%emt 0:02:15]} Nxd5 {[%emt 0:03:28]} 12. Bb3 {[%emt 0:15:05]} d6 {[%emt 0:07:13]} 13. Bxd5+ {[%emt 0:00:36]} Kg7 {[%emt 0:00:18]} 14. Bxc6 {[%emt 0:01:20]} bxc6 {[%emt 0:00:02]} 15. Qxd4+ {[%emt 0:00:09]} Qf6 {[%emt 0:00:26]} 16. O-O {[%emt 0:02:19]} Qxd4 {[%emt 0:01:38]} 17. Nxd4 {[%emt 0:00:01]} c5 {[%emt 0:00:11]} 18. Ne2 {[%emt 0:00:37]} Re8 {[%emt 0:00:54]} 19. Nc3 {[%emt 0:00:08]} Bb7 {[%emt 0:00:35]} 20. Rfe1 {[%emt 0:00:21]} Kf7 {[%emt 0:03:24]} 21. f3 {[%emt 0:01:59]} Re5 {[%emt 0:02:35]} 22. Kf2 {[%emt 0:00:54]} Rae8 {[%emt 0:02:04]} 23. Re2 {[%emt 0:01:42]} R5e7 {[%emt 0:04:28]} 24. Rae1 {[%emt 0:01:50]} c6 {[%emt 0:03:52]} 25. Na4 {[%emt 0:02:34]} a5 {[%emt 0:01:52]} 26. Rd2 {[%emt 0:01:11]} d5 {[%emt 0:07:52]} 27. Nxc5 {[%emt 0:00:07]} dxe4 {[%emt 0:00:11]} 28. Rxe4 {[%emt 0:01:28]} Rxe4 {[%emt 0:00:21]} 29. Nxe4 {[%emt 0:00:06]} Re7 {[%emt 0:00:18]} 30. Rd6 {[%emt 0:02:48]} Rc7 {[%emt 0:00:53]} 31. Nc5 {[%emt 0:00:04]} Ke7 {[%emt 0:00:20]} 32. Rd4 {[%emt 0:00:11]} Bc8 {[%emt 0:00:21]} 33. Ra4 {[%emt 0:00:56]} Kd6 {[%emt 0:00:53]} 34. Ne4+ {[%emt 0:00:51]} Ke7 {[%emt 0:00:15]} 35. Rxa5 {[%emt 0:00:05]} Rd7 {[%emt 0:00:14]} 36. Ke2 {[%emt 0:00:51]} Rb7 {[%emt 0:00:18]} 37. Re5+ {[%emt 0:01:05]} Kd8 {[%emt 0:00:15]} 38. b3 {[%emt 0:00:09]} Ra7 {[%emt 0:00:13]} 39. a4 {[%emt 0:00:07]} Ba6+ {[%emt 0:00:08]} 40. Ke3 {[%emt 0:00:00]} Bf1 {[%emt 0:00:00]} 41. Kf2 {[%emt 0:00:40]} Ba6 {[%emt 0:00:25]} 42. Ra5 {[%emt 0:00:07]} Kc7 {[%emt 0:00:14]} 43. Nc5 {[%emt 0:00:06]} Kb6 {[%emt 0:00:05]} 44. Rxa6+ {[%emt 0:00:04]} Rxa6 {[%emt 0:00:03]} 45. Nxa6 {[%emt 0:00:06]} Kxa6 {[%emt 0:00:02]} 46. b4 {[%emt 0:00:07]} Kb6 {[%emt 0:00:04]} 47. c4 {[%emt 0:00:05]} Ka6 {[%emt 0:00:04]} 48. b5+ {[%emt 0:00:04]} cxb5 {[%emt 0:00:04]} 49. axb5+ {[%emt 0:00:11]} Kb6 {[%emt 0:00:04]} 50. g4 {[%emt 0:00:06]} g5 {[%emt 0:00:06]} 51. h4 {[%emt 0:00:10]} gxh4 {[%emt 0:00:08]} 52. f4 {[%emt 0:00:03]} 1-0

[Event "EYCC Open-U12 2019"]
[Site "Bratislava"]
[Date "2019.08.10"]
[Round "9.17"]
[White "Konyves, Almos"]
[Black "Tarhan, Adar"]
[Result "1-0"]
[WhiteElo "2104"]
[BlackElo "1972"]
[Annotator "TA"]
[PlyCount "91"]
[EventDate "2019.08.02"]
[EventType "swiss"]
[EventCountry "SVK"]
[SourceTitle "playchess.com"]
[Source "ChessBase"]
[SourceQuality "1"]

{[%evp 22,91,29,11,10,0,21,13,27,4,15,0,3,0,0,0,29,20,8,21,50,0,0,0,46,50,69,87,154,151,154,165,153,106,195,205,195,203,424,405,351,275,279,279,308,270,254,225,243,255,212,194,977,806,1114,1088,1435,1402,29990,29990,29990,29988,29988,29989,29989,29990,29990,29991,29999,29992,29992,29989]} 1. e4 e5 2. Nf3 Nc6 3. Bb5 a6 4. Ba4 Nf6 5. O-O Be7 6. Re1 b5 7. Bb3 d6 8. c3 O-O 9. h3 Na5 10. Bc2 c5 11. d4 Nd7 12. d5 Nb6 {C96: Closed Ruy Lopez: Chigorin Defence: 11 d4, replies other than 11...Qc7} 13. Nbd2 g6 (13... Bd7 14. Nf1 Nb7 15. b3 a5 16. Rb1 c4 17. bxc4 Nxc4 18. a4 Qc7 19. axb5 Nb6 20. Be3 {0-1 (58) Hou,Y (2680)-Caruana,F (2811) Wijk aan Zee 2018}) 14. Nf1 f5 {The position is equal.} 15. Bh6 Rf7 16. Qe2 f4 17. b3 Bd7 18. N1d2 Kh8 19. a4 bxa4 $146 ({Predecessor:} 19... b4 20. cxb4 cxb4 {1-0 (62) Pavlov,V (2378)-Hess,J (2403) ICCF email 2011}) 20. bxa4 Qc7 21. c4 Rg8 {[#] aiming for ...g5.} 22. h4 $1 Rb8 23. Reb1 Bg4 24. Qd3 $1 Bxf3 (24... Bf8 $142 25. Ng5 Re7 26. Bxf8 Rxf8) 25. Nxf3 $16 Bf8 26. Bxf8 Rfxf8 27. Ng5 {Hoping for Ne6.} Qa7 {[#]} (27... Rfc8 $16 {keeps fighting.}) 28. Qc3 $1 $18 {Threatens to win with Ne6.} Nbxc4 29. Bd3 {Strongly threatening Ne6.} Rb4 $2 (29... Nd2 {was worth a try.}) 30. Bxc4 $1 {[%mdl 64] Pin} Rfb8 31. Bd3 Nb3 32. Ra2 Nd4 33. Rab2 {[%cal Rb2b4]} a5 34. Bf1 Qd7 35. Rxb4 axb4 36. Qh3 Qxa4 $2 (36... Qxh3 37. Nxh3 (37. gxh3 Kg8 $14) 37... Ra8) 37. h5 Qe8 38. Ra1 b3 39. Ra7 {Nf7+ would kill now.} b2 40. hxg6 {[%csl Ga7,Gg5,Gg6][%cal Rh3h7] White mates.} Nf3+ 41. gxf3 {[%csl Ga7,Gg5,Gg6][%cal Rh3h7]} Qxg6 42. Rxh7+ Kg8 43. Rh8+ Kg7 44. Rxb8 {[%csl Gb8][%cal Rh3h8]} b1=Q 45. Rxb1 Qxg5+ 46. Qg4 {Accuracy: White = 65%, Black = 40%.} 1-0

[Event "EYCC Open-U12 2019"]
[Site "Bratislava"]
[Date "2019.08.10"]
[Round "9.18"]
[White "Nastore, Pavel-Alexandru"]
[Black "Uritsky, Yonathan"]
[Result "1-0"]
[WhiteElo "2084"]
[BlackElo "2040"]
[Annotator "NA RC"]
[PlyCount "51"]
[EventDate "2019.08.02"]
[EventType "swiss"]
[EventCountry "SVK"]
[SourceTitle "playchess.com"]
[Source "ChessBase"]
[SourceQuality "1"]
[TimeControl "40/5400+30:1800+30"]

1. d4 {[%emt 0:00:00]} Nf6 {[%emt 0:00:00]} 2. c4 {[%emt 0:00:00]} g6 {[%emt 0:00:00]} 3. Nc3 {[%emt 0:00:00]} d5 {[%emt 0:00:20]} 4. cxd5 {[%emt 0:00:00]} Nxd5 {[%emt 0:00:17]} 5. e4 {[%emt 0:00:00]} Nxc3 {[%emt 0:00:13]} 6. bxc3 {[%emt 0:00:00]} Bg7 {[%emt 0:00:16]} 7. Nf3 {[%emt 0:00:00]} c5 {[%emt 0:00:16]} 8. Rb1 {[%emt 0:00:00]} O-O {[%emt 0:00:29]} 9. Be2 {[%emt 0:00:00]} Qa5 {[%emt 0:01:45]} 10. O-O Qxc3 11. Bd2 {[%emt 0:33:20]} Qa3 {[%emt 0:00:39]} 12. Qc2 {[%emt 0:04:17]} Na6 {[%emt 0:04:04]} 13. Rb3 {[%emt 0:00:41]} Qa4 {[%emt 0:12:43]} 14. Bb5 {[%emt 0:01:07]} Nb4 {[%emt 0:03:29]} 15. Qxc5 Qxa2 {[%emt 0:02:13]} 16. Qxb4 {[%emt 0:02:19]} a5 {[%emt 0:04:03]} 17. Qa3 {[%emt 0:01:12]} Qxa3 {[%emt 0:01:38]} 18. Rxa3 {[%emt 0:00:06]} b6 {[%emt 0:00:27]} 19. Bc6 {[%emt 0:00:19]} Ra7 {[%emt 0:01:11]} 20. Rb1 {[%emt 0:00:09]} Bg4 {[%emt 0:01:15]} 21. Ne5 {[%emt 0:00:43]} Bxe5 {[%emt 0:00:37]} 22. dxe5 {[%emt 0:00:08]} Rc8 {[%emt 0:00:41]} 23. Bb5 {[%emt 0:00:34]} Rc5 {[%emt 0:05:14]} 24. Be3 Rxe5 {[%emt 0:00:08]} 25. f3 {[%emt 0:03:12]} Bc8 {[%emt 0:00:45]} 26. Rd3 {[%emt 0:00:05]} 1-0

[Event "EYCC Open-U12 2019"]
[Site "Bratislava"]
[Date "2019.08.10"]
[Round "9.19"]
[White "Stevanovic, Jovan"]
[Black "Pavesi, Brando"]
[Result "1-0"]
[WhiteElo "1783"]
[BlackElo "2109"]
[Annotator "RC"]
[PlyCount "79"]
[EventDate "2019.08.02"]
[EventType "swiss"]
[EventCountry "SVK"]
[SourceTitle "playchess.com"]
[Source "ChessBase"]
[SourceQuality "1"]
[TimeControl "40/5400+30:1800+30"]

1. c4 {[%emt 0:00:00]} e6 {[%emt 0:01:04]} 2. g3 {[%emt 0:01:07]} d5 {[%emt 0:00:13]} 3. Bg2 {[%emt 0:00:04]} Nf6 {[%emt 0:00:07]} 4. Nf3 {[%emt 0:00:34]} dxc4 {[%emt 0:01:45]} 5. Qa4+ {[%emt 0:00:05]} c6 {[%emt 0:00:20]} 6. Qxc4 {[%emt 0:00:04]} b5 {[%emt 0:00:12]} 7. Qc2 {[%emt 0:00:53]} Bb7 {[%emt 0:02:31]} 8. O-O {[%emt 0:01:49]} Nbd7 {[%emt 0:01:55]} 9. d3 {[%emt 0:01:38]} c5 {[%emt 0:06:35]} 10. a4 {[%emt 0:08:35]} a6 {[%emt 0:05:47]} 11. Bd2 {[%emt 0:04:25]} Be7 {[%emt 0:02:59]} 12. axb5 {[%emt 0:06:38]} axb5 {[%emt 0:00:23]} 13. Nc3 {[%emt 0:00:45]} b4 {[%emt 0:08:34]} 14. Rxa8 {[%emt 0:00:19]} Qxa8 {[%emt 0:01:21]} 15. Nd1 {[%emt 0:00:07]} O-O {[%emt 0:16:25]} 16. Ne3 {[%emt 0:04:42]} Nb6 {[%emt 0:05:57]} 17. Rc1 {[%emt 0:15:46]} Rc8 {[%emt 0:05:54]} 18. Ne5 {[%emt 0:05:45]} Bxg2 {[%emt 0:04:23]} 19. Nxg2 {[%emt 0:01:17]} Nfd5 {[%emt 0:06:56]} 20. Nc4 {[%emt 0:03:16]} Qa2 {[%emt 0:08:40]} 21. Qb1 {[%emt 0:16:23]} b3 {[%emt 0:06:03]} 22. Qxa2 {[%emt 0:11:16]} bxa2 23. Ra1 Ra8 {[%emt 0:09:51]} 24. Na5 {[%emt 0:01:40]} Nb4 {[%emt 0:00:11]} 25. Bxb4 {[%emt 0:00:27]} cxb4 {[%emt 0:00:01]} 26. Rxa2 {[%emt 0:00:09]} Nd7 {[%emt 0:03:59]} 27. Ne3 {[%emt 0:02:51]} Bd8 {[%emt 0:00:45]} 28. Nec4 {[%emt 0:01:01]} Nc5 {[%emt 0:00:30]} 29. Ra1 {[%emt 0:00:25]} Bf6 {[%emt 0:00:22]} 30. Nb3 {[%emt 0:01:59]} Rxa1+ {[%emt 0:00:07]} 31. Nxa1 {[%emt 0:00:04]} Na4 {[%emt 0:00:30]} 32. Nc2 {[%emt 0:01:08]} b3 {[%emt 0:00:25]} 33. Na1 {[%emt 0:00:11]} Nxb2 {[%emt 0:00:12]} 34. Nxb2 {[%emt 0:00:04]} Bxb2 {[%emt 0:00:04]} 35. Nxb3 {[%emt 0:00:04]} Kf8 {[%emt 0:00:25]} 36. Kg2 {[%emt 0:00:18]} Ke7 {[%emt 0:00:04]} 37. Kf3 {[%emt 0:00:10]} Be5 {[%emt 0:00:30]} 38. Nd2 {[%emt 0:00:39]} f6 {[%emt 0:01:30]} 39. Nc4 {[%emt 0:00:16]} Bc7 {[%emt 0:00:19]} 40. d4 {[%emt 0:00:20]} 1-0

[Event "EYCC Open-U12 2019"]
[Site "Bratislava"]
[Date "2019.08.10"]
[Round "9.20"]
[White "Saveljev, Ivan"]
[Black "Stork, Christopher"]
[Result "1-0"]
[WhiteElo "2040"]
[BlackElo "1905"]
[Annotator "NA RC"]
[PlyCount "69"]
[EventDate "2019.08.02"]
[EventType "swiss"]
[EventCountry "SVK"]
[SourceTitle "playchess.com"]
[Source "ChessBase"]
[SourceQuality "1"]
[TimeControl "40/5400+30:1800+30"]

1. e4 {[%emt 0:00:00]} c5 {[%emt 0:00:00]} 2. Nf3 {[%emt 0:00:00]} e6 {[%emt 0:00:00]} 3. c3 {[%emt 0:00:00]} Nf6 {[%emt 0:00:47]} 4. e5 {[%emt 0:00:06]} Nd5 {[%emt 0:00:36]} 5. d4 {[%emt 0:00:16]} cxd4 {[%emt 0:00:40]} 6. cxd4 {[%emt 0:00:07]} d6 {[%emt 0:01:17]} 7. a3 {[%emt 0:00:41]} Bd7 {[%emt 0:01:12]} 8. Bd3 {[%emt 0:01:31]} Bc6 {[%emt 0:01:15]} 9. O-O {[%emt 0:02:56]} Nd7 {[%emt 0:01:26]} 10. b4 {[%emt 0:02:50]} a6 {[%emt 0:01:57]} 11. Re1 {[%emt 0:01:43]} Be7 {[%emt 0:02:26]} 12. Nbd2 {[%emt 0:09:48]} Nc3 {[%emt 0:04:52]} 13. Qb3 {[%emt 0:02:39]} Rc8 {[%emt 0:01:27]} 14. exd6 {[%emt 0:10:42]} Bxd6 {[%emt 0:00:47]} 15. Bc4 {[%emt 0:09:15]} Bxf3 {[%emt 0:02:08]} 16. Nxf3 {[%emt 0:00:44]} Nb6 {[%emt 0:02:45]} 17. Bd3 {[%emt 0:03:37]} O-O {[%emt 0:02:51]} 18. Bd2 {[%emt 0:04:31]} Ncd5 {[%emt 0:01:08]} 19. Be4 {[%emt 0:04:15]} Rc7 {[%emt 0:02:41]} 20. b5 {[%emt 0:10:49]} axb5 {[%emt 0:02:59]} 21. Ba5 {[%emt 0:02:19]} Rc6 {[%emt 0:01:30]} 22. Qxb5 {[%emt 0:01:59]} Bc7 {[%emt 0:03:45]} 23. Rac1 {[%emt 0:03:06]} Rxc1 {[%emt 0:04:02]} 24. Rxc1 {[%emt 0:00:57]} Qb8 {[%emt 0:03:21]} 25. Bxb6 {[%emt 0:04:14]} Nxb6 {[%emt 0:00:45]} 26. Bxh7+ {[%emt 0:00:51]} Kxh7 {[%emt 0:00:33]} 27. Qh5+ {[%emt 0:00:04]} Kg8 {[%emt 0:00:06]} 28. Ng5 {[%emt 0:00:06]} Rc8 {[%emt 0:00:56]} 29. Qxf7+ {[%emt 0:00:05]} Kh8 {[%emt 0:00:06]} 30. Qh5+ {[%emt 0:00:03]} Kg8 {[%emt 0:00:06]} 31. Qh7+ {[%emt 0:00:04]} Kf8 {[%emt 0:00:06]} 32. Qh8+ {[%emt 0:00:04]} Ke7 {[%emt 0:00:08]} 33. Qxg7+ {[%emt 0:00:05]} Kd8 {[%emt 0:01:41]} 34. Qf8+ {[%emt 0:00:08]} Kd7 {[%emt 0:00:14]} 35. Qf7+ {[%emt 0:00:11]} 1-0

[Event "EYCC Open-U12 2019"]
[Site "Bratislava"]
[Date "2019.08.10"]
[Round "9.21"]
[White "Shinkarov, Artem"]
[Black "Tran, David"]
[Result "0-1"]
[WhiteElo "1798"]
[BlackElo "2112"]
[Annotator "TA"]
[PlyCount "84"]
[EventDate "2019.08.02"]
[EventType "swiss"]
[EventCountry "SVK"]
[SourceTitle "playchess.com"]
[Source "ChessBase"]
[SourceQuality "1"]

{[%evp 19,84,12,11,12,13,12,12,27,7,13,16,14,18,14,9,18,20,10,24,18,13,0,38,12,17,12,16,14,31,12,60,4,16,0,0,0,0,-8,0,0,0,-13,-13,-9,-12,-18,-15,-67,-58,-99,-83,-90,-91,-98,-78,-227,-216,-470,-120,-339,-336,-427,-427,-568,-572,-728,-720]} 1. d4 Nf6 2. c4 g6 3. Nc3 Bg7 4. e4 d6 5. Be2 O-O 6. Bg5 c5 7. d5 e6 8. Qd2 exd5 9. exd5 Qb6 10. Nf3 Bf5 11. Nh4 {Threatens to win with Bxf6. E75: King's Indian: Averbakh Variation: 6...c5 7 d5 e6} Ne4 12. Nxe4 Bxe4 13. f3 {The position is equal.} h6 ({Of course not} 13... Bxb2 14. Rd1 $16) 14. Bxh6 Bxh6 15. Qxh6 Qxb2 16. Rc1 $146 (16. O-O Bc2 17. Rac1 Nd7 18. Rf2 Ba4 19. Bd1 Qa3 20. Bxa4 Qxa4 21. f4 Nf6 22. Nf5 {1-0 (22) Kravtsiv,M (2657)-Amin,B (2672) Martuni 2017}) ({Predecessor:} 16. O-O Bc2 17. Rac1 Re8 18. Qd2 Qf6 {½-½ (33) Polyik,P (2311)-Gorcsi,G (2154) Balatonlelle 2018}) 16... Bc2 17. Qd2 Qf6 18. g3 Ba4 19. O-O Re8 20. f4 Qe7 21. Bg4 {[#] aiming for f5.} Qe3+ $1 22. Qxe3 Rxe3 23. Bc8 Re7 24. Rfe1 Rc7 (24... Nc6 $5) 25. Bg4 (25. Bh3 $1 $14) 25... Nd7 $1 $11 26. Re7 Rac8 27. Rce1 Kf8 $1 28. Nf3 Nb6 29. R7e2 Re8 {White must now prevent ...Rxe2.} 30. Rxe8+ Bxe8 31. Nd2 $132 {[%mdl 2048] White is not keeping still} Re7 32. Rxe7 Kxe7 {[%mdl 4096] Endgame KBN-KBN} 33. Be2 (33. Kf2 $11) 33... Na4 $15 34. Bd3 a6 35. g4 Nc3 36. a3 b5 {[%cal Bb7b5,Bb5b4][%mdl 32]} 37. Kg2 {[#]} (37. Kf2 $17) 37... b4 $1 $19 38. Bc2 $2 (38. axb4 cxb4 39. Nb3) 38... Ne2 $2 (38... bxa3 $19 {has better winning chances. And now ...a2 would win.} 39. Nb3 Ba4) 39. Kf2 $2 (39. axb4 $17 cxb4 40. Kf2 Nxf4 41. h4) 39... Nd4 (39... Nxf4 40. axb4 cxb4 41. h4 $17) 40. Bb1 {next axb4 is good for White.} bxa3 {Black is clearly winning.} 41. Ke3 Ba4 42. Ne4 Bc2 {Accuracy: White = 39%, Black = 70%.} 0-1

[Event "EYCC Open-U12 2019"]
[Site "Bratislava"]
[Date "2019.08.10"]
[Round "9.22"]
[White "Guia, Artur Solovyov Eloy"]
[Black "Kamilov, Dmitry"]
[Result "1/2-1/2"]
[WhiteElo "1790"]
[BlackElo "1990"]
[Annotator "NA RC"]
[PlyCount "61"]
[EventDate "2019.08.02"]
[EventType "swiss"]
[EventCountry "SVK"]
[SourceTitle "playchess.com"]
[Source "ChessBase"]
[SourceQuality "1"]
[TimeControl "40/5400+30:1800+30"]

1. b3 {[%emt 0:00:00]} e5 {[%emt 0:00:14]} 2. Bb2 {[%emt 0:00:00]} Nc6 {[%emt 0:00:06]} 3. Nf3 {[%emt 0:00:00]} d6 {[%emt 0:00:32]} 4. e3 {[%emt 0:00:37]} Nf6 {[%emt 0:00:13]} 5. d4 {[%emt 0:08:11]} exd4 {[%emt 0:02:37]} 6. Nxd4 {[%emt 0:00:08]} Nxd4 {[%emt 0:00:37]} 7. Qxd4 {[%emt 0:00:10]} Bd7 {[%emt 0:01:21]} 8. Nc3 {[%emt 0:00:51]} Bc6 {[%emt 0:01:02]} 9. Bb5 {[%emt 0:02:19]} Qd7 {[%emt 0:00:52]} 10. Bxc6 {[%emt 0:04:06]} Qxc6 {[%emt 0:00:16]} 11. Qa4 {[%emt 0:00:10]} Qxa4 {[%emt 0:00:38]} 12. Nxa4 {[%emt 0:00:07]} Be7 {[%emt 0:00:30]} 13. O-O-O {[%emt 0:00:07]} O-O-O {[%emt 0:00:36]} 14. Rhe1 {[%emt 0:04:38]} Nd7 {[%emt 0:02:57]} 15. Nc3 {[%emt 0:00:34]} Bf6 {[%emt 0:00:54]} 16. Nd5 {[%emt 0:00:13]} Bxb2+ {[%emt 0:00:05]} 17. Kxb2 {[%emt 0:00:08]} Rhe8 {[%emt 0:00:19]} 18. e4 {[%emt 0:02:07]} Nb6 {[%emt 0:01:27]} 19. Nxb6+ {[%emt 0:00:07]} axb6 {[%emt 0:00:01]} 20. f3 {[%emt 0:00:16]} Re6 {[%emt 0:00:45]} 21. Rd5 {[%emt 0:00:25]} Rde8 {[%emt 0:00:30]} 22. Red1 {[%emt 0:00:59]} Kd7 {[%emt 0:09:13]} 23. Kc3 {[%emt 0:00:23]} Re5 {[%emt 0:00:55]} 24. Rxe5 {[%emt 0:00:32]} Rxe5 {[%emt 0:00:05]} 25. Rd5 {[%emt 0:03:29]} Rxd5 {[%emt 0:01:47]} 26. exd5 {[%emt 0:00:08]} Ke7 {[%emt 0:00:06]} 27. Kd4 {[%emt 0:00:06]} f5 {[%emt 0:00:43]} 28. f4 {[%emt 0:02:13]} Kf6 {[%emt 0:00:32]} 29. Ke3 {[%emt 0:07:04]} h6 {[%emt 0:07:27]} 30. c4 {[%emt 0:02:59]} Kg6 {[%emt 0:02:53]} 31. g3 {[%emt 0:01:19]} 1/2-1/2

[Event "EYCC Open-U12 2019"]
[Site "Bratislava"]
[Date "2019.08.10"]
[Round "9.23"]
[White "Chyndygyr, Tamerlan"]
[Black "Nemsadze, Daviti"]
[Result "0-1"]
[WhiteElo "2018"]
[BlackElo "1794"]
[Annotator "NA RC"]
[PlyCount "121"]
[EventDate "2019.08.02"]
[EventType "swiss"]
[EventCountry "SVK"]
[SourceTitle "playchess.com"]
[Source "ChessBase"]
[SourceQuality "1"]
[TimeControl "40/5400+30:1800+30"]

1. d4 {[%emt 0:00:00]} Nf6 {[%emt 0:00:00]} 2. c4 {[%emt 0:00:07]} g6 {[%emt 0:00:00]} 3. Nc3 {[%emt 0:00:13]} Bg7 {[%emt 0:00:00]} 4. e4 {[%emt 0:00:40]} O-O {[%emt 0:00:00]} 5. Be2 {[%emt 0:00:13]} d6 {[%emt 0:00:00]} 6. Bg5 {[%emt 0:00:15]} c5 {[%emt 0:00:08]} 7. d5 {[%emt 0:00:06]} a6 {[%emt 0:00:14]} 8. Nf3 {[%emt 0:00:28]} b5 {[%emt 0:00:24]} 9. cxb5 {[%emt 0:00:18]} axb5 {[%emt 0:00:04]} 10. Bxb5 {[%emt 0:00:06]} Qa5 {[%emt 0:03:37]} 11. Bd3 {[%emt 0:01:27]} Ba6 {[%emt 0:00:51]} 12. O-O {[%emt 0:00:34]} Nbd7 {[%emt 0:00:42]} 13. Bxa6 {[%emt 0:03:14]} Qxa6 {[%emt 0:01:09]} 14. Re1 {[%emt 0:00:27]} Rfb8 {[%emt 0:00:26]} 15. Qc2 {[%emt 0:00:49]} h6 {[%emt 0:03:02]} 16. Bf4 {[%emt 0:01:59]} g5 {[%emt 0:01:34]} 17. Bd2 {[%emt 0:01:27]} Nh5 {[%emt 0:05:03]} 18. Rad1 {[%emt 0:16:23]} Bf6 {[%emt 0:25:52]} 19. h3 {[%emt 0:05:31]} Nf4 20. Bxf4 {[%emt 0:12:44]} gxf4 {[%emt 0:23:35]} 21. e5 {[%emt 0:09:39]} Nxe5 {[%emt 0:00:44]} 22. Nxe5 {[%emt 0:01:51]} Bxe5 {[%emt 0:02:12]} 23. a3 {[%emt 0:05:48]} Qc4 {[%emt 0:05:26]} 24. Qd2 {[%emt 0:07:05]} Rb7 {[%emt 0:06:01]} 25. Rxe5 {[%emt 0:05:24]} dxe5 {[%emt 0:01:21]} 26. d6 {[%emt 0:00:04]} exd6 {[%emt 0:01:37]} 27. Qxd6 {[%emt 0:00:41]} Qe6 {[%emt 0:01:42]} 28. Qxc5 {[%emt 0:04:15]} Rc8 {[%emt 0:00:18]} 29. Qa5 {[%emt 0:00:15]} Rxb2 {[%emt 0:00:29]} 30. Ne4 {[%emt 0:00:37]} Re2 {[%emt 0:08:44]} 31. Qb4 {[%emt 0:04:32]} Qc6 {[%emt 0:01:56]} 32. Nd6 {[%emt 0:07:17]} Qc5 {[%emt 0:00:38]} 33. Rf1 {[%emt 0:03:12]} Qxb4 {[%emt 0:00:17]} 34. axb4 {[%emt 0:00:06]} Rc6 {[%emt 0:00:03]} 35. Nf5 {[%emt 0:00:19]} Rf6 {[%emt 0:01:01]} 36. Ne7+ {[%emt 0:00:08]} Kf8 {[%emt 0:00:03]} 37. Nd5 {[%emt 0:00:05]} Rd6 {[%emt 0:00:25]} 38. Nc3 {[%emt 0:00:06]} Rc2 {[%emt 0:00:27]} 39. Na4 {[%emt 0:00:34]} Rd4 {[%emt 0:00:14]} 40. Nc5 {[%emt 0:00:00]} Rcc4 {[%emt 0:00:00]} 41. Rb1 {[%emt 0:00:23]} Ke7 {[%emt 0:01:32]} 42. Na6 {[%emt 0:00:20]} Rd6 {[%emt 0:01:00]} 43. b5 {[%emt 0:00:19]} Rb6 {[%emt 0:00:03]} 44. Kf1 {[%emt 0:00:27]} Kf6 {[%emt 0:00:52]} 45. Ke2 {[%emt 0:00:16]} e4 {[%emt 0:00:23]} 46. Kd2 {[%emt 0:00:33]} Ke5 {[%emt 0:00:38]} 47. Nb4 {[%emt 0:00:30]} Kd6 {[%emt 0:00:29]} 48. Na6 {[%emt 0:00:12]} Kd5 {[%emt 0:02:40]} 49. Nb4+ {[%emt 0:00:45]} Kd4 {[%emt 0:00:40]} 50. Nc6+ {[%emt 0:02:09]} Kd5 {[%emt 0:00:59]} 51. Nb4+ {[%emt 0:00:20]} Kc5 {[%emt 0:00:10]} 52. Na6+ {[%emt 0:00:15]} Kd4 {[%emt 0:00:04]} 53. Rb3 {[%emt 0:00:49]} f5 {[%emt 0:01:34]} 54. h4 {[%emt 0:01:43]} h5 {[%emt 0:00:33]} 55. g3 {[%emt 0:00:29]} fxg3 56. fxg3 {[%emt 0:00:00]} Ra4 {[%emt 0:01:54]} 57. Nc7 Ra2+ {[%emt 0:00:07]} 58. Ke1 {[%emt 0:00:33]} Ra7 {[%emt 0:00:15]} 59. Rc3 {[%emt 0:01:24]} Kxc3 {[%emt 0:00:17]} 60. Nd5+ {[%emt 0:00:18]} Kd3 {[%emt 0:00:02]} 61. Nxb6 {[%emt 0:00:24]} 0-1

[Event "EYCC Open-U12 2019"]
[Site "Bratislava"]
[Date "2019.08.10"]
[Round "9.24"]
[White "Andreev, Konstantin"]
[Black "Soderstrom, Adrian"]
[Result "1/2-1/2"]
[WhiteElo "2271"]
[BlackElo "1970"]
[Annotator "TA"]
[PlyCount "105"]
[EventDate "2019.08.02"]
[EventType "swiss"]
[EventCountry "SVK"]
[SourceTitle "playchess.com"]
[Source "ChessBase"]
[SourceQuality "1"]

{[%evp 15,104,14,31,0,8,2,2,-16,18,1,12,6,10,11,-8,-38,-31,-43,-6,-36,-18,-12,19,-7,0,0,0,-4,0,0,0,0,0,0,9,0,0,0,77,79,75,67,82,82,82,82,83,82,83,83,85,82,82,82,82,78,76,52,52,52,104,85,106,85,120,22,120,9,9,16,120,4,7,7,7,8,70,70,70,70,63,70,77,0,0,0,0,0,0,0,0]} 1. d4 Nf6 2. Nf3 g6 3. g3 Bg7 4. Bg2 O-O 5. c4 d6 6. O-O Nc6 7. Nc3 a6 8. Qd3 e5 9. dxe5 {E63: King's Indian: Fianchetto: Panno Variation with 7...a6} (9. d5 {looks sharper.} Nb4 10. Qd2 a5 11. e4 Na6 12. Re1) 9... dxe5 10. Qxd8 Rxd8 11. Bg5 Re8 12. Nd2 Nd4 13. Rac1 (13. Rfd1 Ne6 14. Bxf6 Bxf6 15. Rac1 Kg7 16. c5 Nxc5 {½-½ (31) Erdos,V (2628)-Amin,B (2680) Tbilisi 2017}) 13... Ne6 14. Bxf6 Bxf6 15. Nde4 $146 ({Predecessor:} 15. c5) 15... Bd8 $1 16. Nd2 c6 17. b4 Be7 18. c5 Nd4 19. Nc4 (19. e3 $5 {[%cal Re3d4]}) 19... Be6 20. Nxe5 Bf6 21. Nf3 Nxf3+ 22. Bxf3 Bxc3 23. Rxc3 Bxa2 24. Rd1 Rad8 25. Rcd3 Rxd3 26. Rxd3 Bd5 (26... Be6 $11) 27. Bxd5 $16 cxd5 28. Rxd5 {[%mdl 4096] Endgame KR-KR} Re4 29. Rd8+ $1 Kg7 30. Rb8 $1 Rxb4 {[#]} 31. c6 $1 {[%cal Rc6c7][%mdl 512] Hoping for c7.} Rc4 (31... bxc6 32. Rxb4) 32. cxb7 Rb4 33. Ra8 Rxb7 34. Rxa6 Rb2 35. Kf1 Rc2 36. g4 Rc4 37. f3 Rc2 (37... Rc5 $14) 38. Kf2 h6 39. h4 Rb2 40. f4 (40. Ra5 $16) 40... Rb3 {[#]} (40... h5 $11) 41. e3 ({White must play} 41. Ra5 $1 $16) 41... Rb2+ $11 42. Kg3 Rb1 {[#]} (42... Re2 $11 {keeps the balance.}) 43. f5 (43. Ra5 $1 $16) 43... gxf5 44. gxf5 Rb4 45. h5 Re4 (45... f6 $11) 46. Kf3 $14 Rh4 47. f6+ $1 Kg8 48. Ra5 Rh3+ 49. Kg4 (49. Ke4 $16) 49... Rxe3 $11 {The position is equal.} 50. Ra8+ Kh7 51. Rf8 Re4+ 52. Kf3 Rf4+ 53. Kxf4 {Accuracy: White = 45%, Black = 45%.} 1/2-1/2